[Event "Almaty Fizmat op"]
[Site "Almaty"]
[Date "2021.10.09"]
[Round "6"]
[White "Akhilbay, Imangali"]
[Black "Tulegenov, Amir"]
[Result "1-0"]
[WhiteElo "1918"]
[BlackElo "1266"]
[PlyCount "63"]
[EventDate "2021.10.08"]
[EventType "swiss (rapid)"]
[EventRounds "9"]
[EventCountry "KAZ"]
[SourceTitle "EXT 2023"]
[Source "ChessBase"]
[SourceDate "2022.10.05"]
[SourceVersion "1"]
[SourceVersionDate "2022.10.05"]
[SourceQuality "1"]

1. e4 c5 2. Nf3 Nc6 3. Bb5 d6 4. 0-0 Bd7 5. Re1 Nf6 6. Bxc6 Bxc6 7. Nc3 g6 8. d4 cxd4 9. Nxd4 Rc8 10. Nxc6 Rxc6 11. e5 dxe5 12. Qxd8+ Kxd8 13. Rxe5 Bg7 14. Bg5 h6 15. Bd2 e6 16. Re2 Ke7 17. Rd1 Rd8 18. Nb5 a5 19. c3 Rd5 20. a4 Nd7 21. h4 Bf6 22. c4 Rh5 23. Bxa5 Rxc4 24. Red2 Rd5 25. Rxd5 exd5 26. b3 Rxh4 27. Rxd5 b6 28. Be1 Re4 29. Kf1 Nc5 30. a5 Rxe1+ 31. Kxe1 Bc3+ 32. Nxc3 1-0